000 01004cam a2200313 a 4500
001 13741564
003 OSt
005 20230602102306.0
008 040728s2004 ke a 001 0beng
010 _a 2004410404
020 _a9966252266
035 _a(DLC) 2004410404
040 _aDLC
_cDLC
_dDLC
042 _alcode
043 _ae-uk---
_af-ke---
082 0 0 _a792.02/33/092
_aB
_222
_bMAU
100 1 _aMaule, Annabel.
245 1 0 _aTheatre near the equator :
_bthe Donovan Maule story /
_cAnnabel Maule.
260 _aNairobi :
_bKenway Publications,
_c2004.
300 _a294 p. :
_bill. ;
_c23 cm.
500 _aIncludes index.
600 1 0 _aMaule, Donovan,
_d1899-1982.
610 2 0 _aDonovan Maule Theatre.
650 0 _aTheatrical producers and directors
_zGreat Britain
_vBiography.
650 0 _aTheater
_zKenya
_zNairobi
_xHistory
_y20th century.
906 _a7
_bcbc
_corigode
_d3
_encip
_f20
_gy-gencatlg
942 _2ddc
_cBK
999 _c55
_d55